00394nam a2200133 450000500170000000800410001702000150005810000210007324500740009426000420016830000220021094200150023299900130024720260227102238.0260227b |||||||| |||| 00| 0 eng d a0668043105 aMiller I. Arnold aGraduate Record Examination Biology: Advanced Testc/Arnold I. Miller aNew York;bArco Publishing,Inc;c1967 a140p,ill;c25.9cm 2lccn0cBK c182d182